[Event "UKR-ch Rapid"]
[Site "Dnipro"]
[Date "2023.11.01"]
[Round "4"]
[White "Chubar, Vladimir"]
[Black "Fedorov, Andrey"]
[Result "1-0"]
[WhiteElo "1813"]
[BlackElo "1342"]
[PlyCount "43"]
[EventDate "2023.11.01"]
[EventType "swiss (rapid)"]
[EventRounds "11"]
[EventCountry "UKR"]
[SourceTitle "EXT 2025"]
[Source "ChessBase"]
[SourceDate "2024.10.14"]
[SourceVersion "1"]
[SourceVersionDate "2024.10.14"]
[SourceQuality "1"]

1. d4 d5 2. Nf3 c6 3. Bf4 Nf6 4. Nbd2 h6 5. e3 Bg4 6. Be2 Nbd7 7. 0-0 Nh5 8. Bg3 Nxg3 9. hxg3 Qc7 10. c4 e5 11. cxd5 cxd5 12. Rc1 Qb8 13. Nxe5 Bxe2 14. Qxe2 Nxe5 15. dxe5 a6 16. Nf3 Qa7 17. a3 Rd8 18. e6 fxe6 19. Nd4 Qb6 20. Qh5+ Kd7 21. Qf7+ Be7 22. Nxe6 1-0